<?xml version="1.0" encoding="UTF-8"?>
<collection xmlns="http://www.loc.gov/MARC21/slim">
 <record>
  <leader>00779pam a22002298a 4500</leader>
  <controlfield tag="001">00024347</controlfield>
  <controlfield tag="005">20171026081023.0</controlfield>
  <controlfield tag="008">110717s1978                  ||||||engsd</controlfield>
  <datafield tag="020" ind1="#" ind2="#">
   <subfield code="a">0195024079</subfield>
  </datafield>
  <datafield tag="041" ind1="0" ind2="#">
   <subfield code="a">eng</subfield>
  </datafield>
  <datafield tag="082" ind1="1" ind2="4">
   <subfield code="a">428</subfield>
   <subfield code="b">J10Z</subfield>
  </datafield>
  <datafield tag="100" ind1="1" ind2="#">
   <subfield code="a">Graham, Carolyn</subfield>
  </datafield>
  <datafield tag="245" ind1="1" ind2="0">
   <subfield code="a">Jazz chants</subfield>
   <subfield code="b">rhythms of American English for students of English as a second language</subfield>
   <subfield code="c">Carolyn Graham</subfield>
  </datafield>
  <datafield tag="260" ind1="#" ind2="#">
   <subfield code="a">New York</subfield>
   <subfield code="b">Oxford University Press</subfield>
   <subfield code="c">1978</subfield>
  </datafield>
  <datafield tag="300" ind1="#" ind2="#">
   <subfield code="a">xvi, 80 p.</subfield>
   <subfield code="c">28 cm.</subfield>
  </datafield>
  <datafield tag="650" ind1="#" ind2="4">
   <subfield code="a">Nói</subfield>
  </datafield>
  <datafield tag="650" ind1="#" ind2="4">
   <subfield code="a">Tiếng anh</subfield>
  </datafield>
  <datafield tag="852" ind1="#" ind2="#">
   <subfield code="b">Kho mượn</subfield>
   <subfield code="j">KM.0006924, KM.0006925</subfield>
  </datafield>
  <datafield tag="852" ind1="#" ind2="#">
   <subfield code="b">Kho đọc</subfield>
   <subfield code="j">KD.0008664</subfield>
  </datafield>
  <datafield tag="852" ind1="#" ind2="#">
   <subfield code="j">KM.0006924</subfield>
   <subfield code="j">KM.0006925</subfield>
   <subfield code="j">KD.0008664</subfield>
  </datafield>
  <datafield tag="910" ind1="0" ind2="#">
   <subfield code="a">Ntuyet</subfield>
   <subfield code="d">17/07/2011</subfield>
  </datafield>
  <datafield tag="980" ind1="#" ind2="#">
   <subfield code="a">Trung tâm Học liệu Lê Vũ Hùng, Trường Đại học Đồng Tháp</subfield>
  </datafield>
 </record>
</collection>
